000 00376 a2200157 4500
001 149570
040 _cEscola São Tomás de Aquino
100 _aBELINKY, Tatiana
240 1 0 _aHistória de dois irmãos
_lpor
245 1 0 _aHistória de dois irmãos
300 _a22
362 0 _a2001
440 1 _aFTD
697 _aFolclore / Adivinhações / Lendas
942 _cBK
999 _c149570
_d149570